[Event "BCF-ch U10"]
[Site "Hull"]
[Date "2024.07.28"]
[Round "1"]
[White "Ba, Amy"]
[Black "Mittal, Rutva"]
[Result "1-0"]
[WhiteElo "1471"]
[BlackElo "849"]
[PlyCount "89"]
[EventDate "2024.07.28"]
[EventType "swiss"]
[EventRounds "7"]
[EventCountry "ENG"]
[SourceTitle "EXT 2025"]
[Source "ChessBase"]
[SourceDate "2024.10.14"]
[SourceVersion "1"]
[SourceVersionDate "2024.10.14"]
[SourceQuality "1"]

1. e4 c5 2. Nf3 Nc6 3. d4 cxd4 4. Nxd4 g6 5. c4 Bg7 6. Be3 Nf6 7. Nc3 0-0 8. Be2 e6 9. 0-0 d5 10. exd5 exd5 11. Nxc6 bxc6 12. cxd5 Nxd5 13. Nxd5 cxd5 14. Bd4 Re8 15. Bxg7 Kxg7 16. Bf3 Ba6 17. Re1 Rxe1+ 18. Qxe1 Rb8 19. b3 d4 20. Rd1 d3 21. Be4 Rc8 22. Rd2 f5 23. Bf3 Rc2 24. Rxc2 dxc2 25. Qc3+ Qf6 26. Qxc2 Qa1+ 27. Bd1 Bb7 28. h3 Be4 29. Qd2 f4 30. Kh2 Qe5 31. f3 Bd5 32. Qf2 Qg5 33. Qxa7+ Kh6 34. Qf2 Kh5 35. a4 Kh6 36. b4 Qe7 37. b5 Qd7 38. Qh4+ Kg7 39. Qxf4 Be6 40. Qe5+ Kh6 41. Qe2 Kg5 42. Bc2 Qd6+ 43. Kh1 Bf5 44. Bxf5 gxf5 45. a5 1-0